Acta aerarii publici vedecký časopis Ekonomickej fakulty Univerzity Mateja Bela v Banskej Bystrici

Guardado en:
Detalles Bibliográficos
Formato: Seriadas
Lenguaje:eslovaco
Publicado: Banská Bystrica Ekonomická fakulta Univerzity Mateja Bela 2009
Materias:
Etiquetas: Agregar Etiqueta
Sin Etiquetas, Sea el primero en etiquetar este registro!

MARC

LEADER 00000nas2a2200000 4500
001 0164276
005 20130121130325.5
022 |a 1336-8818 
041 0 |a slo 
044 |a SK 
245 1 0 |a Acta aerarii publici  |b vedecký časopis Ekonomickej fakulty Univerzity Mateja Bela v Banskej Bystrici 
264 1 |a Banská Bystrica  |b Ekonomická fakulta Univerzity Mateja Bela  |c 2009 
773 0 |w eu_un_cat*0059483 
610 2 0 |a teória finančná 
610 2 0 |a financie verejné 
610 2 0 |a bankovníctvo 
610 2 0 |a účtovníctvo 
610 2 0 |a manažment finančný